ბათუმის შოთა რუსთაველის სახელმწიფო უნივერსიტეტის ბიბლიოთეკა

Key issues in special educational needs, disability and inclusion / (ბიბ.ჩანაწერი № 58055)

000 -LEADER
fixed length control field 01097nam a22002535i 4500
001 - CONTROL NUMBER
control field 20843346
005 - DATE AND TIME OF LATEST TRANSACTION
control field 20221107165231.0
008 - FIXED-LENGTH DATA ELEMENTS--GENERAL INFORMATION
fixed length control field 190207s2019 cau 000 0 eng
020 ## - INTERNATIONAL STANDARD BOOK NUMBER
International Standard Book Number 9781526483966 (pbk. : alk. paper) X
041 ## - LANGUAGE CODE
Language code of text/sound track or separate title eng
080 ## - UNIVERSAL DECIMAL CLASSIFICATION NUMBER
Universal Decimal Classification number 376.2 H-71
100 1# - MAIN ENTRY--PERSONAL NAME
Personal name Hodkinson, Alan.
9 (RLIN) 11941
245 10 - TITLE STATEMENT
Title Key issues in special educational needs, disability and inclusion /
Statement of responsibility, etc. Alan Hodkinson; Editor Delayna Spencer.
250 ## - EDITION STATEMENT
Edition statement 3rd edition.
264 #1 - PRODUCTION, PUBLICATION, DISTRIBUTION, MANUFACTURE, AND COPYRIGHT NOTICE
Place of production, publication, distribution, manufacture Los Angeles :
Name of producer, publisher, distributor, manufacturer SAGE Publications,
Date of production, publication, distribution, manufacture, or copyright notice 2019.
300 ## - PHYSICAL DESCRIPTION
Extent 228 pages ;
Other physical details 24 cm.
653 ## - INDEX TERM--UNCONTROLLED
keyword Ключевые вопросы особых образовательных потребностей и инклюзии
653 ## - INDEX TERM--UNCONTROLLED
keyword სპეციალური საკითხები საგანმანათლებლო საჭიროებებსა და ჩართულობაში
653 ## - INDEX TERM--UNCONTROLLED
keyword განათლება
653 ## - INDEX TERM--UNCONTROLLED
keyword პედაგოგიკა
700 ## - ADDED ENTRY--PERSONAL NAME
Personal name Spencer, Delayna
Relator term რედაქტორი
9 (RLIN) 11942
942 ## - ADDED ENTRY ELEMENTS (KOHA)
Source of classification or shelving scheme
Koha item type წიგნი
ეგზემპლარები
Withdrawn status Lost status Source of classification or shelving scheme Damaged status Not for loan Permanent Location Current Location Shelving location Date acquired Cost, normal purchase price Full call number Barcode Date last seen Copy number Price effective from Koha item type Public note
          ბათუმის შოთა რუსთაველის სახელმწიფო უნივერსიტეტის მთავარი ბიბლიოთეკა ბათუმის შოთა რუსთაველის სახელმწიფო უნივერსიტეტის მთავარი ბიბლიოთეკა წიგნსაცავი 2021-06-02 246.00 376.2 H-71 61350 2021-06-02 61350 2021-06-02 წიგნი 246 ლ.
          ბათუმის შოთა რუსთაველის სახელმწიფო უნივერსიტეტის მთავარი ბიბლიოთეკა ბათუმის შოთა რუსთაველის სახელმწიფო უნივერსიტეტის მთავარი ბიბლიოთეკა წიგნსაცავი 2021-06-07 102.00 376.2 H-71 61359 2021-06-07 61359 2021-06-07 წიგნი 102 ლ.